000 00365nam a22001457a 4500
003 macl
005 20180224122323.0
008 180224b xxu||||| |||| 00| 0 eng d
040 _cmacl
100 _aWarekar, Chitra
_970637
245 _aEnglish Grammar & Translation
260 _aDelhi
_bManeesh Prakashan
_c2017
650 _aGrammar
_970638
942 _2ddc
_cBK
999 _c57298
_d57298